000 00528nam a2200217Ia 4500
005 20250425162606.0
008 250425s9999 xx 000 0 und d
020 _a9780070616233
041 _aeng
082 _a621.56
100 _aSTOECKER, WILBERT F.
245 0 _aINDUSTRIAL REFRIGERATION HANDBOOK
250 _aS.E.
260 _aEstados Unidos
_bMCGRAW-HILL
_c1998
260 _aNEW YORK
300 _a782
650 _aREFRIGERACION
650 _aSISTEMAS DE REFRIGERACION
942 _c01
010 _a87986
999 _c232409
_d232409